000 004150000a22001690004500
003 MACL
005 20160105123117.0
008 160105b xxu||||| |||| 00| 0 eng d
040 _aMACL
_cMACL
041 _aEnglish
082 _a823/BAL
100 _aBalzag, H De
_927851
245 _aMemoires de Deux Jeunes Mariees
260 _bCalmann Levy
_c1896
_aParis
650 _aNovel
_9153
942 _cBK
_k823/BAL
_2ddc
999 _c38511
_d38511